NUTS III - Portugal - Statistics

Estatísticas Gerais
  • Esse quiz foi jogado 281 vezes
  • A pontuação média é 12 de 25
Estatísticas das Respostas
Resposta % Correto
Algarve
76%
Ave
72%
Baixo Alentejo
72%
Cavado
72%
Alto Alentejo
66%
Alto minho
64%
Alentejo Litoral
62%
Beira Baixa
58%
Alto tâmega
56%
Oeste
56%
Douro
55%
Alentejo central
54%
Região de Leiria
52%
Região de Aveiro
50%
Região de Coimbra
50%
Tâmega e Sousa
50%
Lezíria do Tejo
42%
Beiras e Serra da Estrela
40%
Viseu Dão-Lafões
39%
Médio Tejo
34%
Terras de Trás-os-Montes
30%
A.M.Porto
23%
A.M.Lisboa
22%
R.A.Açores
11%
R.A.Maderia
5%
Nenhum quiz correspondente encontrado
Distribuição das Pontuações
Porcentagem de Pessoas com Cada Pontuação
Percentil de Números Respondidos
Sua Pontuação Histórica
Você não jogou esse quiz